000 00958nam a22002897a 4500
001 3335
003 FISKH
005 20240229095205.0
008 240228b cb ||||| |||| 00| 0 eng d
020 _a765145106856
040 _aFISKH
_beng
_cFISKH
_dFISKH
050 _aDT63.S5418
082 _a932
100 _aSimon, Seymour
245 _aPyramids & Mummies /
_cby Seymour Simon
260 _aSeaStar Book :
_bSan Franciso ,
_c2003
300 _a40 unnumbered pages:
_bcolor illustrations ;
_c24 cm .
490 _aSee more readers
_vLevel 3
505 _aX
520 _aProvides an easy-to-read overview of Egyptian pyramids and the burial practices associated with them, and introduces on the pyramids of other countries.
521 8 _a890
_bLexile
521 8 _aX
_bRaz-Plus
600 _2pyramids-Egypt
_vJuvenile Literatrue
650 _amommies-Egypt
_vJuvenile Literature
942 _2ddc
_cBK
_n0
999 _c3335
_d3335